Saya ingin menjadi pereka laman web

Bibliographic Details
Main Author: Safiatul Atiqah Razalli (Author)
Format: Book
Published: Sarawak : Triple F Enterprise 2023
Series:Kerjaya seni idamanku
Subjects:

MARC

LEADER 00000cam a2200000 7i4500
001 0000093288
005 20231206111131.0
020 |a 9786297500362 (  |q (paperback)) 
040 |e rda 
041 |a Malay 
090 0 0 |a JF   |b MAL 
100 1 |a Safiatul Atiqah Razalli ,   |e (author) 
245 1 0 |a Saya ingin menjadi pereka laman web   |c Safiatul Atiqah Razalli 
264 1 |a Sarawak :   |b Triple F Enterprise   |c 2023 
300 |a 38 pages :   |b color illustrations ;   |c 26 cm. 
336 |a text  |2 rdacontent 
337 |a unmediated  |2 rdamedia 
338 |a volume  |2 rdacarrier 
490 1 |a Kerjaya seni idamanku 
500 |a Children ages 10-12 years old (pink) 
541 |c Purchased on 2023   |f 00223 SPM   |h RM28.50 
650 0 |a Occupations 
650 0 |a Occupations in art 
650 0 |a Web sites   |x Design 
730 0 |a Title 
999 |a 0001745871   |b Book   |c Children Collection   |e Perbadanan Perpustakaan Awam Johor 
999 |a 0001746379   |b Book   |c Children Collection   |e Cawangan Urban Transformation Centre 
999 |a 0001746380   |b Book   |c Children Collection   |e Cawangan AEON Kulaijaya 
999 |a 0001746381   |b Book   |c Children Collection   |e Cawangan Mersing 
999 |a 0001746382   |b Book   |c Children Collection   |e Cawangan Segamat 
999 |a 0001746383   |b Book   |c Children Collection   |e Cawangan Tangkak 
999 |a 0001746384   |b Book   |c Children Collection   |e Cawangan Taman Sri Lambak 
999 |a 0001746385   |b Book   |c Children Collection   |e Cawangan Bukit Gambir 
999 |a 0001746386   |b Book   |c Children Collection   |e Cawangan Pontian 
999 |a 0001746387   |b Book   |c Children Collection   |e Cawangan Bandar Penawar 
999 |a 0001746388   |b Book   |c Children Collection   |e Cawangan Muar 
999 |a 0001746389   |b Book   |c Children Collection   |e Perbadanan Perpustakaan Awam Johor 
999 |a 0001746390   |b Book   |c Children Collection   |e Cawangan Batu Pahat 
999 |a 0001746391   |b Book   |c Children Collection   |e Cawangan Bandar Tenggara 
999 |a 0001746392   |b Book   |c Children Collection   |e Cawangan Tmn. Ungku Tun Aminah 
999 |a 0001746393   |b Book   |c Children Collection   |e Cawangan Kota Tinggi 
999 |a 0001746394   |b Book   |c Children Collection   |e Cawangan Taman Universiti